000 00597nam a2200193 i 4500
001 32474
003 ES-MaACL
005 20230921102339.0
007 t|
008 030131s1955 sp ||||1| spa d
100 1 _aBenito Ruano, Eloy.
_927689
245 1 0 _aManuscritos canarios del Museo Británico /
_cpor Eloy Benito Ruano.
260 _aMadrid, etc. :
_bCasa de Colón,
_c1955.
300 _a27 p. ;
_c24 cm.
500 _aEs separata de: Anuario de Estudios Atlánticos, 1955, n. 1.
852 _aES-MaACL
_j2006-F-20
_bR.41912
_933687
942 _2udc
999 _c32474
_d32474